| Tag |
First Indicator |
Second Indicator |
Subfields |
| LEADER |
00000nai a2200000 i 4500 |
| 001 |
in00004641663 |
| 006 |
m o d f |
| 007 |
cr m|||||||||| |
| 008 |
221024c20219999dcu x w o f0 2eng c |
| 005 |
20230113210819.6 |
| 010 |
|
|
|a 2022235625
|
| 035 |
|
|
|a (OCoLC)on1348615411
|
| 040 |
|
|
|a GPO
|b eng
|e rda
|e pn
|c GPO
|d MvI
|
| 042 |
|
|
|a pcc
|
| 043 |
|
|
|a n-us---
|
| 049 |
|
|
|a WWW
|
| 074 |
|
|
|a 0807-A-12 (online)
|
| 086 |
0 |
|
|a LC 14.25/2:IN 11575/
|
| 100 |
1 |
|
|a Crandall-Hollick, Margot L.,
|0 https://id.loc.gov/authorities/names/no2013088131
|e author.
|
| 245 |
1 |
0 |
|a COVID-19 and direct payments to individuals: frequently asked questions (FAQs) about the second round of "stimulus checks" in P.L. 116-260 /
|c Margot L. Crandall-Hollick.
|
| 250 |
|
|
|a [Library of Congress public edition].
|
| 264 |
|
1 |
|a [Washington, D.C.] :
|b Congressional Research Service,
|c 2021-
|
| 300 |
|
|
|a 1 online resource.
|
| 310 |
|
|
|a Updated irregularly
|
| 336 |
|
|
|a text
|b txt
|2 rdacontent
|
| 337 |
|
|
|a computer
|b c
|2 rdamedia
|
| 338 |
|
|
|a online resource
|b cr
|2 rdacarrier
|
| 490 |
1 |
|
|a IN ;
|v 11575
|
| 500 |
|
|
|a The CRS web page provides access to all versions published since 2018 in accordance with P.L. 115-141.
|
| 500 |
|
|
|a Report includes illustrations.
|
| 500 |
|
|
|a GPO Cataloging Record Distribution Program (CRDP).
|
| 588 |
0 |
|
|a Contents viewed October 4, 2022; title from CRS web page.
|
| 610 |
1 |
0 |
|a United States.
|t Consolidated Appropriations Act, 2021.
|0 https://id.loc.gov/authorities/names/no2021132591
|
| 650 |
|
0 |
|a COVID-19 Pandemic, 2020-
|0 https://id.loc.gov/authorities/subjects/sh2020008759
|x Economic aspects
|0 https://id.loc.gov/authorities/subjects/sh99005484
|z United States.
|0 https://id.loc.gov/authorities/names/n78095330-781
|
| 650 |
|
0 |
|a Tax rebates
|0 https://id.loc.gov/authorities/subjects/sh85132834
|z United States.
|0 https://id.loc.gov/authorities/names/n78095330-781
|
| 710 |
2 |
|
|a Library of Congress.
|b Congressional Research Service,
|0 https://id.loc.gov/authorities/names/n79061321
|e issuing body.
|
| 773 |
0 |
8 |
|i Contained in (work):
|t CRS reports (Library of Congress. Congressional Research Service)
|w (DLC) 2018231131
|w (OCoLC)1052784408
|
| 830 |
|
0 |
|a Insight (Library of Congress. Congressional Research Service) ;
|0 https://id.loc.gov/authorities/names/no2020046109
|v IN11575.
|
| 856 |
4 |
0 |
|u https://purl.fdlp.gov/GPO/gpo187535
|t 0
|
| 999 |
f |
f |
|s 2adb45a5-5af1-42f6-990b-d287b612125a
|i 875f6665-533a-467d-86d8-e498fdc86462
|t 0
|
| 952 |
f |
f |
|a Texas A&M University
|b College Station
|c Electronic Resources
|d Available Online
|t 0
|e LC 14.25/2:IN 11575/
|h Superintendent of Documents classification
|
| 998 |
f |
f |
|a LC 14.25/2:IN 11575/
|t 0
|l Available Online
|